000 00573cam a22002053a 4500
001 36932
003 PGUSA
005 20140828083816.0
008 110801s2011||||xxu|||||s|||||000 | eng d
040 _aPGUSA
_beng
042 _adc
100 1 _aHind, C. Lewis
_q(Charles Lewis),
_d1862-1927
245 1 0 _aRomney
_h[electronic resource] /
_cC. Lewis Hind
260 _bProject Gutenberg,
_c2011
506 _aPublic domain in the USA.
516 _aElectronic text
830 0 _aProject Gutenberg
_v36932
856 4 0 _uhttp://www.gutenberg.org/ebooks/36932
942 _cEB
999 _c266187
_d266187